000
00208nam a2200085Ia 4500
008
170620s9999 xx 000 0 und d
100
_a
Ratanlal / Dhirajlal
245
4
_a
The Law of Evidence
260
_b
Nagpur Wadwa & Co.
260
_c
2006
999
_c
28976
_d
28976